000 00347nam a2200133Ia 4500
005 20260328101453.0
008 260328s9999||||xx |||||||||||||| ||und||
100 _aBone, Martin
245 0 _aI Miss my Pencil :
_b A Design exploration /
_cMartin Bone
260 _bChronicle Books
300 _a240 p.
650 _aDISEÑO INDUSTRIAL
942 _cBK
999 _c8736
_d8736